00642cam a22002172 4500001001100000005001700011008004100028020001700069040001500086100003200101245007200133250001300205260003100218300001900249650003400268650003600302650004800338700003200386852000300418852000300421000002415120151021151150.0130614s xx 000 0 eng d a0198077041 : aKABUcKABU1 aPanda, Tapan K.@000018410510aSales and distribution management /cTapan K. Panda, Sunil Sahadev. a2nd ed. aOxford :bO. U. P.,c2012. axviii, 728 p. 0aSales Management.@0000151581 0aMarketing channels.@0000151454 0aPhysical distribution of goods.@00001581961 aSahadev, Sunil.@00001841061 1